Mapping and Monitoring Forest Cover (Record no. 18474)
[ view plain ]
| 000 -LEADER | |
|---|---|
| fixed length control field | 00936nam a2200133Ia 4500 |
| 008 - FIXED-LENGTH DATA ELEMENTS--GENERAL INFORMATION | |
| fixed length control field | 220615s9999||||xx |||||||||||||| ||und|| |
| 020 ## - INTERNATIONAL STANDARD BOOK NUMBER | |
| International Standard Book Number | 9783040000000 |
| 245 #0 - TITLE STATEMENT | |
| Title | Mapping and Monitoring Forest Cover |
| 546 ## - LANGUAGE NOTE | |
| Language note | English[eng] |
| 650 ## - SUBJECT ADDED ENTRY--TOPICAL TERM | |
| Topical term or geographic name entry element | unmanned aerial systems||canopy height model||individual tree crown||segmentation||forest cover map||national forest inventory||aerial images||Sentinel-2||multisensory approach||forest monitoring||remote sensing||forest sampling||inventory efficiency||Forest Inventory and Analysis||forest change||degradation||regeneration||geospatial–temporal analysis||trend||Juniperus||above-ground biomass||land-use||allometric equation||satellite remote sensing||land cover classification||NDVI||vegetation||Savitzky–Golay filtering||spatial and temporal analysis||Ruoergai area||n/a |
| 700 ## - ADDED ENTRY--PERSONAL NAME | |
| Personal name | Congalton, Russell G. |
| 856 ## - ELECTRONIC LOCATION AND ACCESS | |
| Uniform Resource Identifier | <a href="https://mdpi.com/books/pdfview/book/4343">https://mdpi.com/books/pdfview/book/4343</a> |
| 942 ## - ADDED ENTRY ELEMENTS (KOHA) | |
| Koha item type | E-Books |
| Withdrawn status | Lost status | Damaged status | Not for loan | Home library | Current library | Date acquired | Total Checkouts | Date last seen | Price effective from | Koha item type |
|---|---|---|---|---|---|---|---|---|---|---|
| Kerala University of Digital Sciences, Innovation and Technology Knowledge Centre | Kerala University of Digital Sciences, Innovation and Technology Knowledge Centre | 15/06/2022 | 15/06/2022 | 15/06/2022 | E-Books |